Tarifas para el servicio residencial de agua potable (Registro nro. 24870)
[ vista simple ]
| 000 -LEADER | |
|---|---|
| fixed length control field | 00335 a2200109 4500 |
| 001 - CONTROL NUMBER | |
| control field | ART_11027 |
| 005 - DATE AND TIME OF LATEST TRANSACTION | |
| control field | 20260410161849.0 |
| 008 - FIXED-LENGTH DATA ELEMENTS--GENERAL INFORMATION | |
| fixed length control field | 260409a |
| 100 1# - MAIN ENTRY--PERSONAL NAME | |
| Personal name | Trapé, Alejandro |
| 245 10 - TITLE STATEMENT | |
| Title | Tarifas para el servicio residencial de agua potable |
| 773 0# - HOST ITEM ENTRY | |
| Title | Económica |
| Related parts | - Año XXXVIII, Nº 1/2 (ene. 1992) |
| Record control number | REV7541 |
No hay ítems disponibles.